Music Quiz

Random Music or Kpop Quiz

My Favorite Kpop Songs of 2016 Quiz Stats

 Plays Quiz not verified by Sporcle

Challenge
Share
Tweet
Score 0/100 Timer 20:00
0 Plays Today
% Correct
TT
89.7%
Playing With Fire
89.4%
Blood, Sweat & Tears
88.5%
Fire
88.2%
Hard Carry
87.6%
Whatta Man
86.5%
Fly
86.2%
Monster
85%
Stay
84.4%
Boombayah
83.8%
Lotto
83.8%
Whistle
82.9%
Save Me
81.8%
Chewing Gum
80.3%
Hate
80%
Very Nice
79.7%
Russian Roulette
79.7%
Hey Mama
79.4%
Very Very Very
77.1%
Lucky One
76.8%
Dancing King
74.4%
Good Luck
74.4%
1 of 1
73.2%
Why So Lonely
72.9%
The 7th Sense
72.4%
L.I.E
72.4%
Press Your Number
71.2%
Rough
70.3%
Young Forever
70.3%
Fxxk It
69.7%
Drip Drop
68.5%
Stuck
67.6%
I Like That
67.4%
Dream
66.5%
% Correct
Free Somebody
65.9%
The Eye
65.6%
1cm
64.1%
Dynamite
63.5%
Last Dance
61.8%
I'll Be Your Man
60.9%
Sentimental
58.2%
She Is
57.9%
Body
57.6%
Love Paint
57.6%
Without You
57.1%
Liar Liar
56.5%
Secret
55.6%
Queen
54.7%
Fantasy
53.2%
Call You Bae
52.9%
Decalcomanie
51.5%
That's My Jam
51.2%
Ribbon
50.9%
You're The Best
50.6%
Knock
49.1%
Windy Day
49.1%
Back Again
46.5%
Promise
45.9%
Lollipop
45.3%
The Little Prince
45%
For Life
44.4%
Letting Go
43.8%
The Closer
43.2%
Get Down
40.3%
U
40.3%
Someone Like U
40%
Sting
39.1%
Stalker
38.2%
% Correct
I'm Young
35.9%
Mirror
34.4%
Rainy Day
34.4%
Paradise
33.8%
Milky Way
33.5%
One More Day
32.4%
Born To Be Wild
31.8%
Lip 2 Lip
30.3%
Chocolate
28.2%
Woo Hoo
27.1%
You're So Fine
26.2%
Crying
25.6%
Angel
24.7%
Find Me
24.4%
DamnRa
24.4%
Think About You
23.5%
Couple
21.5%
Better Day
19.7%
Platonic Love
19.4%
Secret Time
19.4%
It's Raining
16.8%
Pain
15.9%
Lil' Something
15.9%
One Step
12.1%
Interview
11.8%
Narcissus
10.9%
ToDay
10.6%
Love Like This
7.4%
Ulsanbawi
7.1%
The Fool
4.7%
Touch You
3.2%
Crush On You
2.9%

You're not logged in!

Compare scores with friends on all Sporcle quizzes.
Join for Free
OR
Log In

You Might Also Like...

Show Comments

Extras

Top Quizzes Today


Score Distribution

Your Account Isn't Verified!

In order to create a playlist on Sporcle, you need to verify the email address you used during registration. Go to your Sporcle Settings to finish the process.

Report this User

Report this user for behavior that violates our Community Guidelines.

Details: